000 00762nam a2200253 a 4500
001 50303
003 BD-RjUL
005 20211209075505.0
008 160824s1974 ii a 00010 eng d
035 _a(BD-RjUL)50423
040 _aANL
_cANL
_beng
_dBD-RjUL
041 _aeng
082 0 _a398.2095484
_223
_bRAF 1974
100 1 0 _aRaju, B. Rama
_9150751
245 1 0 _aFolk tales of Andhra Pradesh /
_cB. Rama Raju.
250 _a1st ed.
260 _aIndia :
_bSterling Publishers,
_cc1974
300 _a111 p. :
_bill. ;
_c22 cm.
650 0 _aTales
_zIndia
_zAndhra Pradesh.
_9150753
650 0 _aFolklore
_zIndia
_zAndhra Pradesh.
_9150754
856 _3Folk tales of India series ;
942 _2ddc
_cBK
999 _c50303
_d50303